Tropical Fruit Pests and Pollinators; (Record no. 6122)

MARC details
000 -LEADER
fixed length control field 00575nam a22001937a 4500
003 - CONTROL NUMBER IDENTIFIER
control field OSt
005 - DATE AND TIME OF LATEST TRANSACTION
control field 20180711193621.0
008 - FIXED-LENGTH DATA ELEMENTS--GENERAL INFORMATION
fixed length control field 180711b xxu||||| |||| 00| 0 eng d
020 ## - INTERNATIONAL STANDARD BOOK NUMBER
International Standard Book Number 0851994342
040 ## - CATALOGING SOURCE
Transcribing agency DDC
082 ## - DEWEY DECIMAL CLASSIFICATION NUMBER
Classification number 641.646 TRO 2002
100 ## - MAIN ENTRY--PERSONAL NAME
Personal name Pena,J,E;Sharp,J,L;Wysoki,M;
9 (RLIN) 12659
245 ## - TITLE STATEMENT
Title Tropical Fruit Pests and Pollinators;
Remainder of title BIOLOGY,ECONOMIC IMPORTANCE,NATURAL ENEMIES AND CONTROL;
260 ## - PUBLICATION, DISTRIBUTION, ETC. (IMPRINT)
Place of publication, distribution, etc. UK,
Name of publisher, distributor, etc. CABI Publishing;
Date of publication, distribution, etc. 2002.
300 ## - PHYSICAL DESCRIPTION
Extent vii,430p;
Other physical details ill ,col;
Dimensions 26.5cm:
504 ## - BIBLIOGRAPHY, ETC. NOTE
Bibliography, etc it includes indexes
650 ## - SUBJECT ADDED ENTRY--TOPICAL TERM
Source of heading or term BIOLOGY
942 ## - ADDED ENTRY ELEMENTS (KOHA)
Source of classification or shelving scheme Dewey Decimal Classification
Koha item type Open Shelf
Holdings
Withdrawn status Lost status Source of classification or shelving scheme Damaged status Not for loan Home library Current library Date acquired Source of acquisition Inventory number Total Checkouts Full call number Barcode Date last seen Koha item type
    Dewey Decimal Classification     MUST Main Library MUST Main Library 11/07/2018   12/35871   641.646 TRO 2002 2018-0278 11/07/2018 Open Shelf
    Other/Generic Classification Scheme     MUST Main Library MUST Main Library 11/07/2018   12/35874   641.646 TRO 2002 2018-0280 11/07/2018 Open Shelf
    Other/Generic Classification Scheme     MUST Main Library MUST Main Library 11/07/2018   12/35870   641.646 TRO 2002 2018-0281 11/07/2018 Open Shelf
    Other/Generic Classification Scheme     MUST Main Library MUST Main Library 11/07/2018   12/35873   641.646 TRO 2002 2018-0282 11/07/2018 Open Shelf
    Other/Generic Classification Scheme     MUST Main Library MUST Main Library 11/07/2018   12/35872   641.646 TRO 2002 2018-0283 11/07/2018 Open Shelf